000 00530nam a2200181Ia 4500
003 GCL
008 140319s9999 xx 000 0 ara d
040 _aGCL /
_cGCL
082 0 4 _a816.5
_bس ر
100 1 _aسوفنير بوك هاوس
245 1 0 _aرسائل السفر /
_cسوفنير بوك هاوس
260 _aبيروت :
_bدار الراتب الجامعية
300 _a112 ص ؛
_c24 سم
490 _aعالم المراسلات
_v8
650 0 4 _aالرسائل
650 0 4 _aالسفر
942 _2ddc
_cBK
999 _c27496
_d27496